000 00702nam a2200253Ia 4500
003 OSt
005 20220918223649.0
006 a|||||r|||| 00| 0
007 ta
008 220917b |||||||| |||| 00| 0 eng d
024 _a224,409
037 _cTextual
040 _aARTS
_cARTS
_beng
041 _2eng
_aeng
082 _aV58:2.P04<-N89, P4
100 _aShevchenko Lulia
_9146299
245 0 _aCentral Government of Russia
_b From Gorbachev to Putin
260 _aEngland
_bAshgate
_c2004
300 _a199p.
_ccm.
490 _aPost - soviet politics
650 _aHISTORY
942 _hV58:2.P04<-N89, P4
_cTEXL
_2CC
999 _c279102
_d279102